Para los niños / (Record no. 36419)

MARC details
000 -LEADER
campo de control de longitud fija 00710nam a2200217 i 4500
001 - NÚMERO DE CONTROL
campo de control 36419
003 - IDENTIFICADOR DE NÚMERO DE CONTROL
campo de control ES-MaACL
005 - FECHA Y HORA DE LA ÚLTIMA TRANSACCIÓN
campo de control 20230906155350.0
007 - CAMPO FIJO DE DESCRIPCIÓN FÍSICA--INFORMACIÓN GENERAL
campo de control de longitud fija t|
008 - DATOS DE LONGITUD FIJA--INFORMACIÓN GENERAL
campo de control de longitud fija 030218s1917 sp ||||1| spa d
100 1# - ENTRADA PRINCIPAL--NOMBRE DE PERSONA
Nombre de persona Buisan Pellicer, Eduardo.
9 (RLIN) 32463
245 10 - MENCIÓN DEL TÍTULO
Título Para los niños /
Mención de responsabilidad, etc. Dr. Buisan Pellicer, Aurea Galindo y Ortega, G. Quintilla Aramendía.
260 ## - PUBLICACIÓN, DISTRIBUCIÓN, ETC.
Lugar de publicación, distribución, etc. Madrid :
Nombre del editor, distribuidor, etc. [s.n.],
Fecha de publicación, distribución, etc. 1917 (
Fabricante Imprenta del Asilo de Huérfanos)
300 ## - DESCRIPCIÓN FÍSICA
Extensión 41 p. ;
Dimensiones 21 cm.
490 1# - MENCIÓN DE SERIE
Mención de serie Biblioteca "Pro infantia"
700 1# - ENTRADA AGREGADA--NOMBRE PERSONAL
Nombre de persona Galindo y Ortega, Aurea.
9 (RLIN) 53450
700 1# - ENTRADA AGREGADA--NOMBRE PERSONAL
Nombre de persona Quintilla Aramendía, G.
9 (RLIN) 94737
830 0# - PUNTO DE ACCESO ADICIONAL DE SERIE-TÍTULO UNIFORME
Título uniforme Biblioteca "Pro infantia"
9 (RLIN) 183281
852 ## - LOCALIZACIÓN
Ubicación ES-MaACL
Número de control de estantería 1559-F-4
Holdings
Estatus retirado Estado de pérdida Estado de daño No para préstamo Colección Biblioteca de origen Biblioteca actual Ubicación en estantería Fecha de adquisición Fuente de adquisición Total de préstamos Signatura topográfica completa Código de barras Visto por última vez Precio de reemplazo Tipo de ítem Koha
        Colección de folletos Biblioteca del Ateneo de Madrid Biblioteca del Ateneo de Madrid Depósito folletos 17/01/2008     1559-F-4 1038252 23/02/2023 23/02/2023 Folleto